[Event "Mitropa Cup Women 2019"]
[Site "Radenci"]
[Date "2019.06.03"]
[Round "8.4"]
[White "Pellicoro, Nathalie"]
[Black "Gaal, Zsoka"]
[Result "0-1"]
[WhiteElo "1893"]
[BlackElo "2044"]
[Annotator "NA RC"]
[PlyCount "120"]
[EventDate "2019.05.27"]
[EventType "team-tourn"]
[EventCountry "SLO"]
[SourceTitle "playchess.com"]
[Source "ChessBase"]
[SourceQuality "1"]
[WhiteTeam "Switzerland"]
[BlackTeam "Hungary"]
[WhiteTeamCountry "SUI"]
[BlackTeamCountry "HUN"]
[TimeControl "40/5400+30:1800+30"]

1. e4 {[%emt 0:00:00]} c5 {[%emt 0:00:00]} 2. Nc3 {[%emt 0:00:00]} g6 {[%emt 0:00:00]} 3. g3 {[%emt 0:00:10]} Nc6 {[%emt 0:00:00]} 4. Bg2 {[%emt 0:00:19]} Bg7 {[%emt 0:00:01]} 5. d3 {[%emt 0:00:23]} d6 {[%emt 0:00:03]} 6. Be3 {[%emt 0:00:44]} Rb8 {[%emt 0:00:04]} 7. Qd2 {[%emt 0:05:10]} b5 {[%emt 0:00:10]} 8. Nge2 {[%emt 0:03:01]} b4 {[%emt 0:00:39]} 9. Nd1 {[%emt 0:01:00]} Nd4 {[%emt 0:00:41]} 10. c3 {[%emt 0:01:46] B26: Closed Sicilian: 3 g3, lines with early Be3} (10. O-O Nxe2+ 11. Qxe2 Nf6 12. a3 b3 13. c4 O-O 14. Bd2 e6 15. Bc3 Bb7 16. Ne3 Re8 17. Qd2 d5 18. e5 Nd7 19. Ba5 {0-1 (45) Li,R (2565)-Belous,V (2581) Philadelphia 2017}) 10... Nxe2 {[%emt 0:00:43]} 11. Qxe2 {[%emt 0:01:32]} bxc3 {[%emt 0:05:12]} 12. bxc3 {[%emt 0:00:33]} e6 {[%emt 0:02:51]} 13. O-O {[%emt 0:02:47]} Ne7 {[%emt 0:01:06]} 14. f4 {[%emt 0:01:15]} O-O {[%emt 0:00:17]} 15. d4 {[%emt 0:01:26]} cxd4 {[%emt 0:04:19]} 16. cxd4 {[%emt 0:01:16]} Nc6 {[%emt 0:05:17]} 17. e5 {[%emt 0:03:05]} dxe5 $146 {[%emt 0:03:04]} ({Predecessor:} 17... Nb4 18. Qd2 Bb7 19. Nc3 Bxg2 20. Kxg2 Qa5 21. Kg1 dxe5 22. dxe5 {0-1 (35) Demeterco,R-Krakops,M (2385) Szeged 1994}) 18. dxe5 {[%emt 0:01:27]} Bb7 {[%emt 0:09:21]} 19. Qf2 {[%emt 0:03:56]} Nb4 {[%emt 0:04:26]} 20. Bxa7 {[%emt 0:04:15]} Bxg2 {[%emt 0:02:45]} 21. Qxg2 {[%emt 0:00:52]} Rc8 {[%emt 0:02:55]} 22. Ne3 {[%emt 0:15:37]} Qd7 {[%emt 0:11:58]} 23. Bb6 {[%emt 0:01:57]} Qb5 {[%emt 0:04:29]} 24. Bd4 {[%emt 0:00:57]} Rfd8 {[%emt 0:03:15]} 25. Qb2 {[%emt 0:02:49]} Qa4 {[%emt 0:09:55]} 26. Rfd1 {[%emt 0:06:57]} Nc2 {[%emt 0:04:30]} 27. Bb6 {[%emt 0:04:34]} Rxd1+ {[%emt 0:01:34]} 28. Nxd1 {[%emt 0:00:45]} Nxa1 {[%emt 0:00:45]} 29. Qxa1 {[%emt 0:01:09]} Rb8 {[%emt 0:03:10]} 30. Bc5 {[%emt 0:04:17]} Qc2 {[%emt 0:06:27]} 31. Qd4 {[%emt 0:04:03]} h5 {[%emt 0:00:43]} 32. Nf2 {[%emt 0:05:08]} Rb1+ {[%emt 0:02:19]} 33. Kg2 {[%emt 0:00:35]} Qxa2 {[%emt 0:02:30]} 34. Qd8+ {[%emt 0:02:10]} Kh7 {[%emt 0:00:06]} 35. Qd4 {[%emt 0:02:12]} Qe2 {[%emt 0:04:09]} 36. Kh3 {[%emt 0:03:15]} Qf1+ {[%emt 0:03:58]} 37. Kh4 {[%emt 0:00:09]} Qg2 {[%emt 0:00:55]} 38. h3 {[%emt 0:00:34]} Re1 {[%emt 0:01:12]} 39. Qd7 {[%emt 0:02:23]} Rc1 {[%emt 0:01:34]} 40. Qd4 {[%emt 0:00:00] [#]} Re1 $2 {[%emt 0:00:00]} (40... f6 $1 $19 41. Qe4 {[#]} (41. exf6 Rg1) 41... fxe5 $1 {[%mdl 512]}) 41. Qd7 $1 {[%emt 0:02:08]} Qf3 {[%emt 0:15:12]} 42. Qxf7 {[%emt 0:12:55] [#]} g5+ {[%emt 0:01:02]} (42... Rxe5 $142 $1 {[%mdl 512]} 43. Qxg7+ (43. fxe5 g5+) 43... Kxg7 44. fxe5 {[#]} g5+ $1 {[%mdl 576] Deflection, Decoy} 45. Kxg5 Qxg3+ 46. Kxh5 Qxe5+ {[%mdl 64] Double Attack} 47. Kg4 Qxc5 48. Kf3 Qd4 49. Ke2 e5 50. Nd3 Qe4+ 51. Kd2 Qg2+ 52. Kc3 Qxh3 53. Kd2 e4 54. Nb4 Qb3 55. Nc2 Qb2 $1 {[%mdl 512]} 56. Kd1 Qc3 57. Ne1 e3 58. Ke2 Qd2+ 59. Kf3 Qxe1 60. Ke4 e2 61. Kd3 Qd1+ 62. Kc3 e1=Q+ 63. Kc4 Qa4+ 64. Kc5 Qe7+ 65. Kd5 Qae4#) 43. Kxg5 {[%emt 0:00:09] [#]} Rxe5+ $1 {[%emt 0:00:19] Double Attack, Pin} 44. Kh4 {[%emt 0:02:39]} Rxc5 {[%emt 0:00:14]} 45. Qxe6 {[%emt 0:02:43]} Qd5 {[%emt 0:02:57]} 46. Qe7 {[%emt 0:01:58]} Rc4 {[%emt 0:00:34]} 47. Qg5 {[%emt 0:03:04]} Qxg5+ {[%emt 0:01:48]} 48. Kxg5 {[%emt 0:00:05]} Rc5+ {[%emt 0:01:29]} 49. f5 {[%emt 0:00:46]} Bh6+ {[%emt 0:01:20]} 50. Kf6 {[%emt 0:01:13]} Rc6+ {[%emt 0:00:54]} 51. Ke5 {[%emt 0:00:42]} Kg7 $19 {[%emt 0:01:47]} 52. Ne4 {[%emt 0:00:23]} Kf8 {[%emt 0:01:51]} 53. g4 {[%emt 0:01:11]} hxg4 {[%emt 0:01:24]} 54. hxg4 {[%emt 0:00:09]} Bc1 {[%emt 0:00:46]} 55. f6 {[%emt 0:00:38]} Kf7 {[%emt 0:02:57]} 56. Nd6+ {[%emt 0:01:24]} Kg6 {[%emt 0:01:13]} 57. Kd5 {[%emt 0:04:09]} Ra6 {[%emt 0:00:30]} 58. f7 {[%emt 0:00:26]} Kg7 {[%emt 0:00:27]} 59. Ke5 {[%emt 0:02:39]} Bf4+ {[%emt 0:00:18]} 60. Kxf4 {[%emt 0:00:11]} Rxd6 {[%emt 0:00:29]} 0-1

[Event "Mitropa Cup Women 2019"]
[Site "Radenci"]
[Date "2019.06.03"]
[Round "8.5"]
[White "Motycakova, Monika"]
[Black "Ragger, Anna-Christina"]
[Result "1-0"]
[WhiteElo "2150"]
[BlackElo "2272"]
[Annotator "ChessBase"]
[PlyCount "79"]
[EventDate "2019.05.27"]
[EventType "team-tourn"]
[EventCountry "SLO"]
[SourceTitle "playchess.com"]
[Source "ChessBase"]
[SourceQuality "1"]
[WhiteTeam "Slovakia"]
[BlackTeam "Austria"]
[WhiteTeamCountry "SVK"]
[BlackTeamCountry "AUT"]
[TimeControl "40/5400+30:1800+30"]

1. e4 {[%emt 0:00:00]} e5 {[%emt 0:00:00]} 2. Nf3 {[%emt 0:00:00]} Nc6 {[%emt 0:00:00]} 3. Bb5 {[%emt 0:00:00]} g6 {[%emt 0:00:00]} 4. O-O {[%emt 0:01:05]} Bg7 {[%emt 0:00:28]} 5. c3 {[%emt 0:01:08]} a6 {[%emt 0:01:01]} 6. Ba4 {[%emt 0:02:10]} b5 {[%emt 0:00:29]} 7. Bb3 {[%emt 0:01:27]} Na5 {[%emt 0:02:01]} 8. Bc2 {[%emt 0:00:27]} c5 {[%emt 0:00:10]} 9. d4 {[%emt 0:01:41]} cxd4 {[%emt 0:00:06]} 10. cxd4 {[%emt 0:00:08]} exd4 {[%emt 0:00:09]} 11. Nxd4 {[%emt 0:01:28]} Ne7 {[%emt 0:04:56]} 12. Nc3 {[%emt 0:09:55]} O-O {[%emt 0:08:23]} 13. a4 {[%emt 0:28:06]} b4 {[%emt 0:02:22]} 14. Nce2 {[%emt 0:00:08]} d5 {[%emt 0:14:14]} 15. Bg5 {[%emt 0:03:29]} Ra7 {[%emt 0:24:39]} 16. exd5 {[%emt 0:16:31]} Qxd5 {[%emt 0:01:06]} 17. Bxe7 {[%emt 0:05:48]} Rxe7 {[%emt 0:00:13]} 18. Nf5 {[%emt 0:00:27]} Qb7 {[%emt 0:03:26]} 19. Nxe7+ {[%emt 0:00:20]} Qxe7 {[%emt 0:00:07]} 20. Re1 {[%emt 0:08:15]} Bxb2 {[%emt 0:02:05]} 21. Rb1 {[%emt 0:00:21]} Qf6 {[%emt 0:08:26]} 22. Qd5 {[%emt 0:02:10]} Nc6 {[%emt 0:00:39]} 23. Rxb2 {[%emt 0:06:25]} Qxb2 {[%emt 0:01:13]} 24. Qxc6 {[%emt 0:00:03]} Be6 {[%emt 0:01:59]} 25. Rb1 {[%emt 0:05:07]} Qe5 {[%emt 0:04:44]} 26. Qxa6 {[%emt 0:01:07]} b3 {[%emt 0:02:52]} 27. Bd3 {[%emt 0:01:11]} Rb8 {[%emt 0:00:04]} 28. Qa7 {[%emt 0:03:34]} b2 {[%emt 0:02:52]} 29. f4 {[%emt 0:00:03]} Qd6 {[%emt 0:00:13]} 30. Bb5 {[%emt 0:00:18]} Rb6 {[%emt 0:02:32]} 31. Rxb2 {[%emt 0:00:49]} Qc5+ {[%emt 0:00:04]} 32. Kf1 {[%emt 0:01:00]} Kg7 {[%emt 0:00:49]} 33. Qa5 {[%emt 0:00:30]} f6 {[%emt 0:01:44]} 34. Qc3 {[%emt 0:00:35]} Qd6 {[%emt 0:00:23]} 35. Rd2 {[%emt 0:00:35]} Qe7 {[%emt 0:00:08]} 36. Qd4 {[%emt 0:00:25]} Rb7 {[%emt 0:01:06]} 37. Qd6 {[%emt 0:00:07]} Qf7 {[%emt 0:00:05]} 38. Qd8 {[%emt 0:00:36]} Bg4 {[%emt 0:00:14]} 39. h3 {[%emt 0:00:25]} Bxe2+ {[%emt 0:00:03]} 40. Rxe2 {[%emt 0:00:00]} 1-0

[Event "Mitropa Cup Women 2019"]
[Site "Radenci"]
[Date "2019.06.03"]
[Round "8.6"]
[White "Hapala, Elisabeth"]
[Black "Ferkova, Dominika"]
[Result "1-0"]
[WhiteElo "2122"]
[BlackElo "2037"]
[Annotator "ChessBase"]
[PlyCount "65"]
[EventDate "2019.05.27"]
[EventType "team-tourn"]
[EventCountry "SLO"]
[SourceTitle "playchess.com"]
[Source "ChessBase"]
[SourceQuality "1"]
[WhiteTeam "Austria"]
[BlackTeam "Slovakia"]
[WhiteTeamCountry "AUT"]
[BlackTeamCountry "SVK"]
[TimeControl "40/5400+30:1800+30"]

1. e4 {[%emt 0:00:00]} c6 {[%emt 0:00:00]} 2. d4 {[%emt 0:00:00]} d5 {[%emt 0:00:00]} 3. Nc3 {[%emt 0:00:00]} dxe4 {[%emt 0:00:00]} 4. Nxe4 {[%emt 0:00:00]} Bf5 {[%emt 0:00:00]} 5. Ng3 {[%emt 0:00:00]} Bg6 {[%emt 0:00:00]} 6. h4 {[%emt 0:00:00]} h6 {[%emt 0:00:03]} 7. Nf3 {[%emt 0:00:00]} Nd7 {[%emt 0:00:06]} 8. h5 {[%emt 0:00:02]} Bh7 {[%emt 0:00:05]} 9. Bd3 {[%emt 0:00:06]} Bxd3 {[%emt 0:00:07]} 10. Qxd3 {[%emt 0:00:04]} e6 {[%emt 0:00:11]} 11. Bf4 {[%emt 0:00:22]} Qa5+ {[%emt 0:01:38]} 12. Bd2 {[%emt 0:00:09]} Bb4 {[%emt 0:00:51]} 13. c3 {[%emt 0:00:11]} Be7 {[%emt 0:00:09]} 14. c4 {[%emt 0:00:10]} Qc7 {[%emt 0:00:10]} 15. d5 {[%emt 0:00:33]} Ne5 {[%emt 0:33:44]} 16. Qe2 {[%emt 0:11:22]} Nxf3+ {[%emt 0:01:49]} 17. Qxf3 {[%emt 0:00:04]} cxd5 {[%emt 0:05:00]} 18. cxd5 {[%emt 0:01:15]} Qe5+ {[%emt 0:05:09]} 19. Kf1 {[%emt 0:07:11]} Qxd5 {[%emt 0:06:56]} 20. Qxd5 {[%emt 0:00:29]} exd5 {[%emt 0:00:11]} 21. Nf5 {[%emt 0:01:26]} Bf8 {[%emt 0:21:17]} 22. Rh3 {[%emt 0:19:25]} g6 {[%emt 0:05:59]} 23. Nd4 {[%emt 0:03:39]} Bg7 {[%emt 0:06:16]} 24. Nb5 {[%emt 0:03:16]} Kd7 {[%emt 0:02:16]} 25. Rc1 {[%emt 0:09:35]} Rc8 {[%emt 0:05:13]} 26. Rxc8 {[%emt 0:02:16]} Kxc8 {[%emt 0:00:02]} 27. Nd6+ {[%emt 0:00:10]} Kd7 {[%emt 0:01:06]} 28. Nxf7 {[%emt 0:00:07]} g5 {[%emt 0:00:56]} 29. Nxh8 {[%emt 0:01:04]} Bxh8 {[%emt 0:00:01]} 30. b3 {[%emt 0:03:09]} Ne7 {[%emt 0:02:49]} 31. f4 {[%emt 0:05:14]} gxf4 {[%emt 0:00:27]} 32. Bxf4 {[%emt 0:00:06]} Nf5 {[%emt 0:00:11]} 33. g4 {[%emt 0:00:43]} 1-0

[Event "Mitropa Cup Women 2019"]
[Site "Radenci"]
[Date "2019.06.03"]
[Round "8.7"]
[White "Sankova, Stella"]
[Black "Schloffer, Jasmin-Denise"]
[Result "0-1"]
[WhiteElo "2013"]
[BlackElo "2133"]
[Annotator "ChessBase"]
[PlyCount "56"]
[EventDate "2019.05.27"]
[EventType "team-tourn"]
[EventCountry "SLO"]
[SourceTitle "playchess.com"]
[Source "ChessBase"]
[SourceQuality "1"]
[WhiteTeam "Slovakia"]
[BlackTeam "Austria"]
[WhiteTeamCountry "SVK"]
[BlackTeamCountry "AUT"]
[TimeControl "40/5400+30:1800+30"]

1. e4 {[%emt 0:00:00]} e5 {[%emt 0:00:00]} 2. Nf3 {[%emt 0:00:00]} Nc6 {[%emt 0:00:00]} 3. Bc4 {[%emt 0:00:00]} Bc5 {[%emt 0:00:00]} 4. c3 {[%emt 0:00:00]} Nf6 {[%emt 0:00:00]} 5. d3 {[%emt 0:00:00]} d6 {[%emt 0:00:00]} 6. Bb3 {[%emt 0:00:05]} O-O {[%emt 0:00:19]} 7. h3 {[%emt 0:02:27]} h6 {[%emt 0:00:06]} 8. Nbd2 {[%emt 0:00:03]} a5 {[%emt 0:00:06]} 9. Nf1 {[%emt 0:00:49]} d5 {[%emt 0:02:05]} 10. Qe2 {[%emt 0:00:25]} a4 {[%emt 0:08:38]} 11. Bc2 {[%emt 0:00:15]} b6 {[%emt 0:02:03]} 12. Ng3 {[%emt 0:06:58]} dxe4 {[%emt 0:03:56]} 13. Nxe4 {[%emt 0:00:18]} Nxe4 {[%emt 0:01:33]} 14. Qxe4 {[%emt 0:00:13]} Bb7 {[%emt 0:00:17]} 15. Qf5 {[%emt 0:04:57]} Ne7 {[%emt 0:02:04]} 16. Qh5 {[%emt 0:05:49]} Ng6 {[%emt 0:02:54]} 17. O-O {[%emt 0:04:02]} Qf6 {[%emt 0:02:15]} 18. Be3 {[%emt 0:04:59]} Bd6 {[%emt 0:03:10]} 19. Nd2 {[%emt 0:08:44]} Qe6 {[%emt 0:15:06]} 20. Ne4 {[%emt 0:19:48]} f5 {[%emt 0:02:23]} 21. Nxd6 {[%emt 0:00:05]} cxd6 {[%emt 0:00:32]} 22. Rae1 {[%emt 0:07:10]} f4 {[%emt 0:04:54]} 23. Bxb6 {[%emt 0:03:11]} Rf5 {[%emt 0:00:30]} 24. Qd1 {[%emt 0:01:55]} Rg5 {[%emt 0:01:33]} 25. f3 {[%emt 0:02:28]} Qxh3 {[%emt 0:00:28]} 26. Rf2 {[%emt 0:01:04]} Nh4 {[%emt 0:00:35]} 27. Qe2 {[%emt 0:02:20]} Nxf3+ {[%emt 0:00:48]} 28. Rxf3 {[%emt 0:01:12]} Bxf3 {[%emt 0:00:07]} 0-1

[Event "Mitropa Cup Women 2019"]
[Site "Radenci"]
[Date "2019.06.03"]
[Round "8.8"]
[White "Froewis, Annika"]
[Black "Milcova, Zuzana"]
[Result "1/2-1/2"]
[WhiteElo "2089"]
[BlackElo "2093"]
[Annotator "NA"]
[PlyCount "72"]
[EventDate "2019.05.27"]
[EventType "team-tourn"]
[EventCountry "SLO"]
[SourceTitle "playchess.com"]
[Source "ChessBase"]
[SourceQuality "1"]
[WhiteTeam "Austria"]
[BlackTeam "Slovakia"]
[WhiteTeamCountry "AUT"]
[BlackTeamCountry "SVK"]
[TimeControl "40/5400+30:1800+30"]

1. e4 {[%emt 0:00:00]} d5 {[%emt 0:00:00]} 2. exd5 {[%emt 0:00:00]} Nf6 {[%emt 0:00:00]} 3. c4 {[%emt 0:00:10]} c6 {[%emt 0:00:00]} 4. d4 {[%emt 0:00:19]} cxd5 {[%emt 0:00:00]} 5. Nc3 {[%emt 0:00:32]} e6 {[%emt 0:00:09]} 6. Nf3 {[%emt 0:00:14]} Be7 {[%emt 0:00:36]} 7. Be2 {[%emt 0:01:02]} O-O {[%emt 0:00:20]} 8. O-O {[%emt 0:00:13]} dxc4 {[%emt 0:02:34]} 9. Bxc4 {[%emt 0:00:06]} Nc6 {[%emt 0:01:14]} 10. a3 {[%emt 0:00:37]} a6 {[%emt 0:02:18]} 11. Ba2 {[%emt 0:06:15]} b5 {[%emt 0:11:26]} 12. Qd3 {[%emt 0:12:54] D40: Queen's Gambit Declined: Semi-Tarrasch with 5 e3} (12. d5 exd5 13. Nxd5 Nxd5 14. Qxd5 Qxd5 15. Bxd5 Bb7 16. Bf4 Bf6 17. Rac1 Rac8 18. b4 Rfd8 19. Rcd1 h6 {½-½ (54) Salem,A (2625)-Arencibia Rodriguez,W (2506) Sharjah 2016}) 12... Bb7 {[%emt 0:08:11]} 13. Rd1 {[%emt 0:06:02]} Rc8 {[%emt 0:10:55]} 14. Ng5 $146 {[%emt 0:05:20]} ({Predecessor:} 14. Bg5 Na5 15. Ne5 Nd5 16. Bxd5 Bxg5 17. Bxb7 Nxb7 18. a4 b4 {0-1 (47) Glimbrant,T (2192)-Johansson,L (2423) Stockholm 2015}) 14... Bd6 {[%emt 0:43:32]} 15. d5 {[%emt 0:21:19]} Ne5 {[%emt 0:00:38]} 16. Qh3 {[%emt 0:00:49]} Rxc3 {[%emt 0:09:45]} 17. Qxc3 {[%emt 0:02:57]} exd5 {[%emt 0:00:54]} 18. Bf4 {[%emt 0:04:04]} Qb8 {[%emt 0:01:30]} 19. Bg3 {[%emt 0:03:43]} h6 {[%emt 0:00:47]} 20. Nf3 {[%emt 0:01:34]} Ne4 {[%emt 0:00:51]} 21. Qb3 {[%emt 0:01:07]} Ng4 {[%emt 0:02:21]} 22. Bxd6 {[%emt 0:07:53]} Qxd6 {[%emt 0:00:06]} 23. Qb4 {[%emt 0:00:51]} Qxb4 {[%emt 0:01:16]} 24. axb4 {[%emt 0:00:02]} Ngxf2 {[%emt 0:00:57] [#]} 25. Rd4 $1 {[%emt 0:02:25]} Rd8 {[%emt 0:00:41]} 26. h3 {[%emt 0:02:01]} g5 {[%emt 0:01:11]} 27. Re1 {[%emt 0:07:14]} Kg7 {[%emt 0:00:39]} 28. Re2 {[%emt 0:00:58]} g4 {[%emt 0:00:26]} 29. Nh4 {[%emt 0:04:34]} gxh3 {[%emt 0:00:15]} 30. gxh3 {[%emt 0:00:32]} Nxh3+ {[%emt 0:00:19]} 31. Kh2 {[%emt 0:00:05]} Nhg5 {[%emt 0:00:16]} 32. Rc2 {[%emt 0:02:19]} Rd7 {[%emt 0:00:28]} 33. Kg1 {[%emt 0:02:50]} Kf6 {[%emt 0:00:24]} 34. Kf1 {[%emt 0:00:26]} Ke5 {[%emt 0:00:36]} 35. Rd3 {[%emt 0:00:30]} Kf4 $17 {[%emt 0:00:51]} (35... h5 $19 36. Ke2 Ne6 37. Nf3+ Kd6) 36. Ng2+ {[%emt 0:00:21]} Ke5 {[%emt 0:00:48]} 1/2-1/2

[Event "Mitropa Cup Women 2019"]
[Site "Radenci"]
[Date "2019.06.03"]
[Round "8.9"]
[White "Pychova, Nela"]
[Black "Unuk, Laura"]
[Result "1/2-1/2"]
[WhiteElo "2174"]
[BlackElo "2265"]
[Annotator "TA"]
[PlyCount "191"]
[EventDate "2019.05.27"]
[EventType "team-tourn"]
[EventCountry "SLO"]
[SourceTitle "playchess.com"]
[Source "ChessBase"]
[SourceQuality "1"]
[WhiteTeam "Czech Republic"]
[BlackTeam "Slovenia"]
[WhiteTeamCountry "CZE"]
[BlackTeamCountry "SLO"]

{[%evp 22,191,-20,-39,-27,-48,-38,-54,-50,-56,-50,-54,-54,-68,-50,-102,-86,-102,-79,-102,-70,-73,-74,-126,-81,-125,-103,-104,-77,-61,-55,-70,0,-139,0,-8,10,-25,152,37,44,60,54,-25,-1,-87,-28,-20,-27,-30,0,0,57,0,-2,-73,-76,-90,-64,-77,-62,-59,0,-60,-69,-60,-65,-51,-63,-56,-70,-58,-59,-46,-39,-65,-22,-21,0,0,0,-20,-16,-16,-25,-27,-36,-30,22,-106,-109,-118,-107,-149,-132,-129,-10,-14,0,-103,-95,-101,-75,-63,-69,-137,-27,-31,60,53,44,31,45,41,107,111,174,153,158,32,32,32,32,32,32,32,32,32,115,115,115,115,115,36,115,8,20,24,20,20,20,20,20,0,0,0,0,-8,-8,-8,0,0,0,0,0,-8,-8,-8,-8,-8,-8,-8,-8,-8,-8,-8,-8,-8,-8,-8,0,0]} 1. Nf3 d5 2. g3 Nf6 3. Bg2 e6 4. O-O Be7 5. d3 O-O 6. Nbd2 c5 7. e4 Nc6 8. Re1 b5 9. e5 Nd7 10. Nf1 Bb7 11. h4 Qc7 12. Bf4 Rfc8 {C00: French: Unusual White 2nd moves} 13. N1h2 b4 14. h5 h6 $1 {Black is slightly better.} 15. Ng4 Bf8 16. Qd2 Qd8 17. Bf1 $146 ({Predecessor:} 17. c4 bxc3 18. bxc3 {0-1 (68) Zakhartsov,V (2452)-Matlakov,M (2691) Sochi 2016}) 17... a5 {[%cal Ba7a5,Ba5a4][%mdl 32]} 18. Be2 (18. Bg2 $15) 18... a4 $17 19. a3 bxa3 20. bxa3 Nd4 21. Nxd4 cxd4 22. Bd1 (22. Ra2 $142) 22... Ba6 23. Qe2 Rc3 24. Bc1 Qb6 25. Nh2 Rac8 26. Qd2 Nb8 ({Black should try} 26... Be7 $15 27. Nf3 Nc5) 27. Qf4 (27. Nf3 $11 {keeps the balance.}) 27... Be7 (27... Rxc2 $17 28. Bxc2 Rxc2) 28. Nf3 $11 Nd7 29. Kg2 f6 $2 (29... Rxc2 $11 30. Bxc2 Rxc2) 30. Qxd4 (30. exf6 $1 $16 Bxf6 31. Qg4) 30... Qxd4 31. Nxd4 fxe5 32. Nf3 ({White should play} 32. Bg4 $14 Nf8 33. Rxe5) 32... Bf6 $36 {[%mdl 2048] Black has some pressure.} 33. Rb1 {[#]} (33. Bb2 $11) 33... R3c7 (33... Rb3 $1 $17 {[%mdl 512]} 34. cxb3 (34. Rxb3 axb3) 34... Bxd3) 34. Bd2 Rb7 35. Rb4 Bb5 36. c4 Bc6 (36... dxc4 $11 37. Bxa4 Bxa4 38. Rxb7 Bc6 39. Rxd7 Bxd7 40. Nxe5 Bxe5 41. Rxe5 c3) 37. Rxb7 (37. Bxa4 $14 Bxa4 38. Rxb7) 37... Bxb7 38. Kg1 (38. cxd5 $11 exd5 39. Bb4 (39. Bxa4 Nc5 $11)) 38... dxc4 $17 39. dxc4 Rxc4 40. Bb4 e4 41. Bxa4 Nb6 (41... Nc5 $1 $15 42. Bb5 Rc2) 42. Nd2 (42. Bb3 $1 $11 exf3 43. Ba5) 42... Rxb4 $1 $15 43. axb4 {Black must now prevent Bb3.} Nxa4 44. Nxe4 Bd4 45. Nd6 Bd5 46. Nb5 Bf6 47. Nc7 Bc3 48. Rb1 Ba2 49. Rd1 e5 50. Rd8+ Kf7 51. Ra8 Bb3 52. Ra7 Bd4 53. Rb7 $1 Kf8 54. Nb5 Bd5 (54... Bf7 $142) 55. Rb8+ (55. Rd7 $1 $11 {was the only way to keep the balance.} Bc6 56. Rd8+ Ke7 57. Nxd4 $1 {[%mdl 512]}) 55... Ke7 $1 $17 56. Nc7 Bf3 57. b5 Kd7 58. Na6 Bd5 (58... Ke6 $17 59. Nb4 Bxh5) 59. Nb4 $11 Kc7 60. Rf8 (60. Na6+ $11 Kd7 61. Nb4) 60... Bc4 $17 61. Na6+ Kb6 62. Rb8+ Ka7 63. Rh8 (63. Rd8 $15) 63... Bxb5 (63... Nc3 $17 64. Nb4 Nd1) 64. Nc7 $11 Bc4 (64... Bd7 $15 65. Rf8 Nc5) 65. Ra8+ $14 Kb6 $1 66. Rxa4 {[%mdl 4096] Endgame KRN-KB} Bf7 67. Na6 Kb5 (67... Bxh5 $14 68. Ra3 Bg6) 68. Ra3 $16 Bb2 (68... Bxh5 $16 {was called for.} 69. Nc7+ Kb4) 69. Rf3 Bc4 70. Nc7+ (70. Rf8 $16) 70... Kc6 $14 71. Ne8 {aiming for Re3.} Kd7 $1 {[%cal Rd7e8]} 72. Nxg7 {And now Rf6 would win.} e4 73. Rf4 Bxg7 74. Rxe4 Bf7 {[#]} ({Better is} 74... Bd5 $14 75. Ra4 Kd6) 75. g4 $1 $16 Bd5 76. Ra4 {Strongly threatening Ra7+.} Ke7 77. Ra6 (77. Kh2 $16) 77... Bf3 {[#]} (77... Bf6 $14) 78. Rg6 (78. Ra3 $1 $16 {[%cal Ra3f3]} Bd1 79. f3) 78... Kf7 79. Kh2 Bf6 80. Kg3 {The position is equal.} Be4 81. Rxh6 {Kf4 is the strong threat.} Kg7 82. Rxf6 (82. g5 {looks sharper.} Bxg5 83. Rd6 Bf5 84. Rd5 Kf6 85. f4) 82... Kxf6 $11 {KB-K3P} 83. Kf4 Bc2 84. g5+ Ke6 85. f3 Bb1 86. Kg4 Bf5+ 87. Kf4 Bb1 88. g6 Kf6 89. Kg3 Kg5 90. g7 Ba2 91. f4+ Kxh5 92. Kf3 Kg6 93. Ke4 Kxg7 94. f5 Bb1+ 95. Ke5 Bxf5 96. Kxf5 {Accuracy: White = 34%, Black = 39%.} 1/2-1/2

[Event "Mitropa Cup Women 2019"]
[Site "Radenci"]
[Date "2019.06.03"]
[Round "8.10"]
[White "Janzelj, Lara"]
[Black "Nemcova, Karin"]
[Result "1-0"]
[WhiteElo "2203"]
[BlackElo "1947"]
[Annotator "ChessBase"]
[PlyCount "69"]
[EventDate "2019.05.27"]
[EventType "team-tourn"]
[EventCountry "SLO"]
[SourceTitle "playchess.com"]
[Source "ChessBase"]
[SourceQuality "1"]
[WhiteTeam "Slovenia"]
[BlackTeam "Czech Republic"]
[WhiteTeamCountry "SLO"]
[BlackTeamCountry "CZE"]
[TimeControl "40/5400+30:1800+30"]

1. d4 {[%emt 0:00:00]} Nf6 {[%emt 0:00:00]} 2. c4 {[%emt 0:00:00]} g6 {[%emt 0:00:00]} 3. Nc3 {[%emt 0:00:00]} Bg7 {[%emt 0:00:00]} 4. e4 {[%emt 0:00:00]} d6 {[%emt 0:00:00]} 5. Be2 {[%emt 0:00:06]} O-O {[%emt 0:00:18]} 6. Be3 {[%emt 0:00:11]} e5 {[%emt 0:00:30]} 7. d5 {[%emt 0:00:08]} a5 {[%emt 0:00:24]} 8. g4 {[%emt 0:00:30]} Na6 {[%emt 0:02:26]} 9. h4 {[%emt 0:01:03]} Nd7 {[%emt 0:06:30]} 10. h5 {[%emt 0:09:37]} g5 {[%emt 0:12:17]} 11. Nf3 {[%emt 0:03:26]} h6 {[%emt 0:05:12]} 12. Nh2 {[%emt 0:00:46]} Ndc5 {[%emt 0:01:41]} 13. Nf1 {[%emt 0:01:21]} Bd7 {[%emt 0:06:49]} 14. Ng3 {[%emt 0:03:37]} a4 {[%emt 0:03:43]} 15. O-O {[%emt 0:01:11]} Qe7 {[%emt 0:10:46]} 16. Nb5 {[%emt 0:08:01]} Rfc8 {[%emt 0:02:13]} 17. Qd2 {[%emt 0:01:40]} b6 {[%emt 0:03:42]} 18. f3 {[%emt 0:06:32]} f6 {[%emt 0:02:50]} 19. Rfb1 {[%emt 0:02:07]} Nb8 {[%emt 0:07:21]} 20. Qd1 {[%emt 0:04:06]} Bxb5 {[%emt 0:15:14]} 21. cxb5 {[%emt 0:00:24]} Nbd7 {[%emt 0:00:36]} 22. b4 {[%emt 0:02:59]} axb3 {[%emt 0:00:32]} 23. axb3 {[%emt 0:00:07]} Nf8 {[%emt 0:01:00]} 24. b4 {[%emt 0:00:42]} Nb7 {[%emt 0:04:18]} 25. Ra6 {[%emt 0:02:30]} Nd8 {[%emt 0:01:15]} 26. Qa4 {[%emt 0:00:55]} Rab8 {[%emt 0:00:18]} 27. Rc1 {[%emt 0:00:24]} Qd7 {[%emt 0:01:38]} 28. Ra7 {[%emt 0:01:12]} Kh8 {[%emt 0:03:39]} 29. Qc2 {[%emt 0:01:11]} Nb7 {[%emt 0:01:26]} 30. Nf5 {[%emt 0:00:44]} Kg8 {[%emt 0:01:07]} 31. Qc6 {[%emt 0:00:18]} Qxc6 {[%emt 0:05:42]} 32. bxc6 {[%emt 0:00:48]} Nd8 {[%emt 0:00:18]} 33. Ne7+ {[%emt 0:00:10]} Kh8 {[%emt 0:00:25]} 34. Nxc8 {[%emt 0:00:05]} Rxc8 {[%emt 0:00:05]} 35. Ba6 {[%emt 0:00:06]} 1-0